<?xml version="1.0" encoding="UTF-8"?>
<collection xmlns="http://www.loc.gov/MARC21/slim">
 <record>
  <leader>04274nas a2200685   4500</leader>
  <controlfield tag="001">1/50444</controlfield>
  <controlfield tag="008">020404s19949999lu mrzp       0   a0eng d</controlfield>
  <datafield tag="022" ind1="0" ind2=" ">
   <subfield code="a">1025-4005</subfield>
  </datafield>
  <datafield tag="035" ind1=" " ind2=" ">
   <subfield code="l">31300</subfield>
  </datafield>
  <datafield tag="040" ind1=" " ind2=" ">
   <subfield code="a">DLC</subfield>
   <subfield code="b">GR-PeUP</subfield>
  </datafield>
  <datafield tag="090" ind1=" " ind2=" ">
   <subfield code="a">Αλφαβητική σειρά</subfield>
  </datafield>
  <datafield tag="245" ind1="0" ind2="0">
   <subfield code="a">Bulletin of the European Union .</subfield>
  </datafield>
  <datafield tag="260" ind1=" " ind2=" ">
   <subfield code="a">Luxembourg :</subfield>
   <subfield code="b">Office for Official Publications of the European Communities,</subfield>
   <subfield code="c">1994-</subfield>
  </datafield>
  <datafield tag="300" ind1=" " ind2=" ">
   <subfield code="a">v. ,</subfield>
   <subfield code="b">ill ;</subfield>
   <subfield code="c">29 cm.</subfield>
  </datafield>
  <datafield tag="310" ind1=" " ind2=" ">
   <subfield code="a">Twelve no. a year (with no. 1-2 and 7-8 combined).</subfield>
  </datafield>
  <datafield tag="546" ind1=" " ind2=" ">
   <subfield code="a">English.</subfield>
  </datafield>
  <datafield tag="610" ind1="2" ind2="0">
   <subfield code="a">European Union.</subfield>
  </datafield>
  <datafield tag="710" ind1="2" ind2=" ">
   <subfield code="a">European Commission.</subfield>
  </datafield>
  <datafield tag="852" ind1=" " ind2=" ">
   <subfield code="a">INST</subfield>
   <subfield code="b">UNIPILB</subfield>
   <subfield code="c">SERIALS</subfield>
   <subfield code="e">20060322</subfield>
   <subfield code="h">Αλφαβητική σειρά</subfield>
   <subfield code="p">50951</subfield>
   <subfield code="q">50951</subfield>
   <subfield code="t">NOLOAN</subfield>
   <subfield code="v">no.1/2:(Μήνες)Ian.-Feb.;(Έτος)2005</subfield>
   <subfield code="y">23</subfield>
  </datafield>
  <datafield tag="852" ind1=" " ind2=" ">
   <subfield code="a">INST</subfield>
   <subfield code="b">UNIPILB</subfield>
   <subfield code="c">SERIALS</subfield>
   <subfield code="e">20060322</subfield>
   <subfield code="h">Αλφαβητική σειρά</subfield>
   <subfield code="p">50952</subfield>
   <subfield code="q">50952</subfield>
   <subfield code="t">NOLOAN</subfield>
   <subfield code="v">no.3:(Μήνας)March;(Έτος)2005</subfield>
   <subfield code="y">23</subfield>
  </datafield>
  <datafield tag="852" ind1=" " ind2=" ">
   <subfield code="a">INST</subfield>
   <subfield code="b">UNIPILB</subfield>
   <subfield code="c">SERIALS</subfield>
   <subfield code="e">20060322</subfield>
   <subfield code="h">Αλφαβητική σειρά</subfield>
   <subfield code="p">50953</subfield>
   <subfield code="q">50953</subfield>
   <subfield code="t">NOLOAN</subfield>
   <subfield code="v">no.4:(Μήνας)April;(Έτος)2005</subfield>
   <subfield code="y">23</subfield>
  </datafield>
  <datafield tag="852" ind1=" " ind2=" ">
   <subfield code="a">INST</subfield>
   <subfield code="b">UNIPILB</subfield>
   <subfield code="c">SERIALS</subfield>
   <subfield code="e">20060322</subfield>
   <subfield code="h">Αλφαβητική σειρά</subfield>
   <subfield code="p">50954</subfield>
   <subfield code="q">50954</subfield>
   <subfield code="t">NOLOAN</subfield>
   <subfield code="v">no.5:(Μήνας)May;(Έτος)2005</subfield>
   <subfield code="y">23</subfield>
  </datafield>
  <datafield tag="852" ind1=" " ind2=" ">
   <subfield code="a">INST</subfield>
   <subfield code="b">UNIPILB</subfield>
   <subfield code="c">SERIALS</subfield>
   <subfield code="e">20060322</subfield>
   <subfield code="h">Αλφαβητική σειρά</subfield>
   <subfield code="p">50955</subfield>
   <subfield code="q">50955</subfield>
   <subfield code="t">NOLOAN</subfield>
   <subfield code="v">no.6:(Μήνας)June;(Έτος)2005</subfield>
   <subfield code="y">23</subfield>
  </datafield>
  <datafield tag="852" ind1=" " ind2=" ">
   <subfield code="a">INST</subfield>
   <subfield code="b">UNIPILB</subfield>
   <subfield code="c">SERIALS</subfield>
   <subfield code="e">20060322</subfield>
   <subfield code="h">Αλφαβητική σειρά</subfield>
   <subfield code="p">50956</subfield>
   <subfield code="q">50956</subfield>
   <subfield code="t">NOLOAN</subfield>
   <subfield code="v">no.7/8:(Μήνες)Jul.-Aug.;(Έτος)2005</subfield>
   <subfield code="y">23</subfield>
  </datafield>
  <datafield tag="852" ind1=" " ind2=" ">
   <subfield code="a">INST</subfield>
   <subfield code="b">UNIPILB</subfield>
   <subfield code="c">SERIALS</subfield>
   <subfield code="e">20060322</subfield>
   <subfield code="h">Αλφαβητική σειρά</subfield>
   <subfield code="p">50957</subfield>
   <subfield code="q">50957</subfield>
   <subfield code="t">NOLOAN</subfield>
   <subfield code="v">no.9:(Μήνας)September;(Έτος)2005</subfield>
   <subfield code="y">23</subfield>
  </datafield>
  <datafield tag="852" ind1=" " ind2=" ">
   <subfield code="a">INST</subfield>
   <subfield code="b">UNIPILB</subfield>
   <subfield code="c">SERIALS</subfield>
   <subfield code="e">20060322</subfield>
   <subfield code="h">Αλφαβητική σειρά</subfield>
   <subfield code="p">50958</subfield>
   <subfield code="q">50958</subfield>
   <subfield code="t">NOLOAN</subfield>
   <subfield code="v">no.11:(Μήνας)November;(Έτος)2005</subfield>
   <subfield code="y">23</subfield>
  </datafield>
  <datafield tag="852" ind1=" " ind2=" ">
   <subfield code="a">INST</subfield>
   <subfield code="b">UNIPILB</subfield>
   <subfield code="c">SERIALS</subfield>
   <subfield code="e">20060330</subfield>
   <subfield code="h">Αλφαβητική σειρά</subfield>
   <subfield code="p">51042</subfield>
   <subfield code="q">51042</subfield>
   <subfield code="t">NOLOAN</subfield>
   <subfield code="v">no.12:(Μήνας)December;(Έτος)2005</subfield>
   <subfield code="y">23</subfield>
  </datafield>
  <datafield tag="852" ind1=" " ind2=" ">
   <subfield code="a">INST</subfield>
   <subfield code="b">UNIPILB</subfield>
   <subfield code="c">SERIALS</subfield>
   <subfield code="e">20060330</subfield>
   <subfield code="h">Αλφαβητική σειρά</subfield>
   <subfield code="p">51047</subfield>
   <subfield code="q">51047</subfield>
   <subfield code="t">NOLOAN</subfield>
   <subfield code="v">no.10:(Μήνας)October;(Έτος)2005</subfield>
   <subfield code="y">23</subfield>
  </datafield>
  <datafield tag="856" ind1="4" ind2="1">
   <subfield code="u">http://europa.eu/bulletin/en/bullset.htm</subfield>
  </datafield>
  <datafield tag="900" ind1=" " ind2=" ">
   <subfield code="a">No. 6 (June 2008)</subfield>
   <subfield code="b">Οφειλόμενο</subfield>
   <subfield code="c">25/01/2009</subfield>
  </datafield>
  <datafield tag="900" ind1=" " ind2=" ">
   <subfield code="a">No. 1/2 (Ian.-Feb. 2006)</subfield>
   <subfield code="b">Οφειλόμενο</subfield>
   <subfield code="c">23/03/2006</subfield>
  </datafield>
  <datafield tag="900" ind1=" " ind2=" ">
   <subfield code="a">No. 3 (March 2006)</subfield>
   <subfield code="b">Οφειλόμενο</subfield>
   <subfield code="c">02/04/2006</subfield>
  </datafield>
  <datafield tag="900" ind1=" " ind2=" ">
   <subfield code="a">No. 4 (April 2006)</subfield>
   <subfield code="b">Οφειλόμενο</subfield>
   <subfield code="c">01/05/2006</subfield>
  </datafield>
  <datafield tag="900" ind1=" " ind2=" ">
   <subfield code="a">No. 5 (May 2006)</subfield>
   <subfield code="b">Οφειλόμενο</subfield>
   <subfield code="c">02/07/2006</subfield>
  </datafield>
  <datafield tag="900" ind1=" " ind2=" ">
   <subfield code="a">No. 6 (June 2006)</subfield>
   <subfield code="b">Οφειλόμενο</subfield>
   <subfield code="c">02/07/2006</subfield>
  </datafield>
  <datafield tag="900" ind1=" " ind2=" ">
   <subfield code="a">No. 7/8 (Jul.-Aug. 2006)</subfield>
   <subfield code="b">Οφειλόμενο</subfield>
   <subfield code="c">31/07/2006</subfield>
  </datafield>
  <datafield tag="900" ind1=" " ind2=" ">
   <subfield code="a">No. 9 (September 2006)</subfield>
   <subfield code="b">Οφειλόμενο</subfield>
   <subfield code="c">04/10/2006</subfield>
  </datafield>
  <datafield tag="900" ind1=" " ind2=" ">
   <subfield code="a">No. 10 (October 2006)</subfield>
   <subfield code="b">Οφειλόμενο</subfield>
   <subfield code="c">01/11/2006</subfield>
  </datafield>
  <datafield tag="900" ind1=" " ind2=" ">
   <subfield code="a">No. 11 (November 2006)</subfield>
   <subfield code="b">Οφειλόμενο</subfield>
   <subfield code="c">03/12/2006</subfield>
  </datafield>
  <datafield tag="900" ind1=" " ind2=" ">
   <subfield code="a">No. 12 (December 2006)</subfield>
   <subfield code="b">Οφειλόμενο</subfield>
   <subfield code="c">08/01/2007</subfield>
  </datafield>
  <datafield tag="900" ind1=" " ind2=" ">
   <subfield code="a">No. 1/2 (Jan.-Feb. 2007)</subfield>
   <subfield code="b">Οφειλόμενο</subfield>
   <subfield code="c">01/02/2007</subfield>
  </datafield>
  <datafield tag="900" ind1=" " ind2=" ">
   <subfield code="a">No. 3 (March 2007)</subfield>
   <subfield code="b">Οφειλόμενο</subfield>
   <subfield code="c">01/04/2007</subfield>
  </datafield>
  <datafield tag="900" ind1=" " ind2=" ">
   <subfield code="a">No. 4 (April 2007)</subfield>
   <subfield code="b">Οφειλόμενο</subfield>
   <subfield code="c">01/05/2007</subfield>
  </datafield>
  <datafield tag="900" ind1=" " ind2=" ">
   <subfield code="a">No. 5 (May 2007)</subfield>
   <subfield code="b">Οφειλόμενο</subfield>
   <subfield code="c">01/06/2007</subfield>
  </datafield>
  <datafield tag="900" ind1=" " ind2=" ">
   <subfield code="a">No. 6 (June 2007)</subfield>
   <subfield code="b">Οφειλόμενο</subfield>
   <subfield code="c">02/07/2007</subfield>
  </datafield>
  <datafield tag="900" ind1=" " ind2=" ">
   <subfield code="a">No. 7/8 (Jul.-Aug./Aug.-Sep. 2007)</subfield>
   <subfield code="b">Οφειλόμενο</subfield>
   <subfield code="c">20/08/2007</subfield>
  </datafield>
  <datafield tag="900" ind1=" " ind2=" ">
   <subfield code="a">No. 9 (September 2007)</subfield>
   <subfield code="b">Οφειλόμενο</subfield>
   <subfield code="c">01/10/2007</subfield>
  </datafield>
  <datafield tag="900" ind1=" " ind2=" ">
   <subfield code="a">No. 10 (October 2007)</subfield>
   <subfield code="b">Οφειλόμενο</subfield>
   <subfield code="c">31/10/2007</subfield>
  </datafield>
  <datafield tag="900" ind1=" " ind2=" ">
   <subfield code="a">No. 11 (November 2007)</subfield>
   <subfield code="b">Οφειλόμενο</subfield>
   <subfield code="c">02/12/2007</subfield>
  </datafield>
  <datafield tag="900" ind1=" " ind2=" ">
   <subfield code="a">No. 12 (December 2007)</subfield>
   <subfield code="b">Οφειλόμενο</subfield>
   <subfield code="c">28/07/2008</subfield>
  </datafield>
  <datafield tag="900" ind1=" " ind2=" ">
   <subfield code="a">No. 1/2 (Jan.-Feb./Feb.-Mar. 2008)</subfield>
   <subfield code="b">Οφειλόμενο</subfield>
   <subfield code="c">27/04/2009</subfield>
  </datafield>
  <datafield tag="900" ind1=" " ind2=" ">
   <subfield code="a">No. 3 (March 2008)</subfield>
   <subfield code="b">Οφειλόμενο</subfield>
   <subfield code="c">26/10/2008</subfield>
  </datafield>
  <datafield tag="900" ind1=" " ind2=" ">
   <subfield code="a">No. 4 (April 2008)</subfield>
   <subfield code="b">Οφειλόμενο</subfield>
   <subfield code="c">26/11/2008</subfield>
  </datafield>
  <datafield tag="900" ind1=" " ind2=" ">
   <subfield code="a">No. 5 (May 2008)</subfield>
   <subfield code="b">Οφειλόμενο</subfield>
   <subfield code="c">06/01/2009</subfield>
  </datafield>
  <datafield tag="950" ind1=" " ind2=" ">
   <subfield code="a">01/01/2005</subfield>
   <subfield code="c">ΔΩΡΕΑ ΠΕΡΙΟΔΙΚΩΝ</subfield>
   <subfield code="d">649</subfield>
  </datafield>
  <datafield tag="951" ind1=" " ind2=" ">
   <subfield code="a">No. 9 (September 2005) - No. 12 (December 2005)</subfield>
   <subfield code="b">Main run</subfield>
  </datafield>
  <datafield tag="951" ind1=" " ind2=" ">
   <subfield code="a">Νο 11 (Nov. 2004)</subfield>
   <subfield code="b">Main run</subfield>
  </datafield>
  <datafield tag="951" ind1=" " ind2=" ">
   <subfield code="a">No. 1/2  (Ian.-Feb. 2005)</subfield>
   <subfield code="b">Main run</subfield>
  </datafield>
  <datafield tag="951" ind1=" " ind2=" ">
   <subfield code="a">No. 3 (March 2005) - No. 6 (June 2005)</subfield>
   <subfield code="b">Main run</subfield>
  </datafield>
  <datafield tag="951" ind1=" " ind2=" ">
   <subfield code="a">No. 7/8  (Jul.-Aug. 2005)</subfield>
   <subfield code="b">Main run</subfield>
  </datafield>
 </record>
</collection>
